Normal view MARC view

Entry Nombre personal

Number of records used in: 1

001 - NÚMERO DE CONTROL

  • campo de control: 661

003 - IDENTIFICADOR DE NÚMERO DE CONTROL

  • campo de control: DLC

005 - FECHA Y HORA DE LA ÚLTIMA TRANSACCIÓN

  • campo de control: 20260226182612.0

008 - ELEMENTOS DE DATO DE LONGITUD-FIJA

  • campo de control de longitud fija: 141217n| azannaabn |n aaa c

010 ## - NÚMERO DE CONTROL DE LA BIBLIOTECA DEL CONGRESO

  • Número de control de LC: no2014166311

035 ## - NÚMERO DE CONTROL DEL SISTEMA

  • Número de control de sistema: (OCoLC)oca10043325

040 ## - FUENTE DE CATALOGACIÓN

  • Centro catalogador/agencia de origen: NcD
  • Lengua de catalogación: eng
  • Normas de descripción: rda
  • Centro/agencia transcriptor: NcD

046 ## - FECHAS CON CODIFICACIÓN ESPECIAL

  • Fecha de nacimiento: 19591231

053 #0 - NÚMERO DE CLASIFICACIÓN LC

  • Número de clasificación–único número o número inicial del rango: PQ8550.414.E46

100 1# - ENCABEZAMIENTO-NOMBRE DE PERSONA

  • Nombre de persona: Delgado, Darío,
  • Fechas asociadas al nombre: 1959-

370 ## - LUGAR ASOCIADO

  • Lugar de nacimiento: Maracaibo (Venezuela)

670 ## - FUENTE DE DATOS ENCONTRADOS

  • Cita de la fuente: Delgado, Darío. Amantes, 2013:
  • Información encontrada: title page (Darío Delgado) cover (Darío J. Delgado) back cover (Darío J. Delgado; b. Dec. 31, 1959 in Santa Lucia (El Empredrao), Maracaibo, Venezuela)